00410pab a2200145 454500008004000000100001700040245009200057260000900149300001300158362001100171650001700182700001500199700001600214773003400230180718b2010 xxu||||| |||| 00| 0 eng d aGeorge Annie aSex trafficking and sex work: definitions, debates and dynamics: a review of literature c2010 ap.64-73. a24 Apr aProstitution aRay, Swmya aVindhya, U. aEconomic and Political Weekly